UBT Library

Law for Business (Record no. 56920)

000 -LEADER
fixed length control field 00316nam a22001457a 4500
008 - FIXED-LENGTH DATA ELEMENTS--GENERAL INFORMATION
fixed length control field 210429b ||||| |||| 00| 0 eng d
020 ## - INTERNATIONAL STANDARD BOOK NUMBER
International Standard Book Number 9780324060539
041 ## - LANGUAGE CODE
Language code of text/sound track or separate title eng
080 ## - UNIVERSAL DECIMAL CLASSIFICATION NUMBER
Edition identifier 14th
Universal Decimal Classification number 34
082 ## - DEWEY DECIMAL CLASSIFICATION NUMBER
Classification number 34
100 ## - Rafti
Rafti 13
101 ## - Shkurtesa
Shkurtesa JUR
245 ## - TITLE STATEMENT
Title Law for Business
Statement of responsibility, etc John D. Ashcroft
942 ## - ADDED ENTRY ELEMENTS (KOHA)
Source of classification or shelving scheme
Item type Books
Holdings
Withdrawn status Lost status Source of classification or shelving scheme Damaged status Not for loan Collection code Permanent location Current location Shelving location Date acquired Total Checkouts Full call number Barcode Date last seen Price effective from Koha item type
          Koleksioni i përgjithshem UBT - Lipjan UBT - Lipjan Koleksioni i përgjithshem 04/29/2021   34 ASH 002-7001533 04/29/2021 04/29/2021 Books
UBT Library © 2015-2024. All rights reserved University Education for Business and Technology